000 00797nam a22002177a 4500
005 20240530110413.0
008 150225s2010 ua g b 000 0 ara d
040 _aEG-CaGPL
041 0 _aara
082 0 4 _221
_a950\
_bا ت
100 0 _aالسيد محمود محمد
245 1 0 _aتاريخ اسيا :
_bالسياسة الخارجية و الاستعمار /
_cتاليف السيد محمود محمد
260 _aالقاهرة :
_bدار الكتاب الحديث ،
_c2010
300 _a225 ص ؛
_c24 سم
504 _aببليوجرافية : ص 219 - 222
651 0 4 _aاسيا
_xتاريخ
651 0 4 _aاسيا
_xالعلاقات الخارجية
651 0 4 _aاسيا
_xالاحوال السياسية
942 _2ddc
_cBK
999 _c60505
_d60505